[Event "2nd 4NCL Spring Bank Holiday Congress"]
[Site "Basingstoke"]
[Date "2019.05.24"]
[Round "1.13"]
[White "Forster, Matthew"]
[Black "Seymour, Timothy P"]
[Result "1/2-1/2"]
[WhiteElo "1861"]
[BlackElo "2130"]
[PlyCount "102"]
[EventDate "2019.05.24"]

1. c4 e6 2. g3 d5 3. Bg2 Nf6 4. Nf3 dxc4 5. O-O a6 6. a4 Nc6 7. Na3 Na5 8. Qc2
Qd5 9. Rd1 Bd7 10. d3 Nb3 11. Ra2 Nxc1 12. Qxc1 Bxa4 13. Nd2 Qd7 14. Naxc4 Bc5
15. Rf1 Ng4 16. Ne4 Bd4 17. Qg5 f5 18. e3 Bb3 19. Raa1 Bxc4 20. exd4 Bd5 21.
Rae1 O-O 22. Nc5 Qd8 23. Qxd8 Rfxd8 24. Nxe6 Bxe6 25. Rxe6 Rxd4 26. Bxb7 Rb8
27. Bxa6 Rxb2 28. Bc4 Kf8 29. Rfe1 Rd8 30. Re7 Nh6 31. h3 c5 32. g4 fxg4 33.
hxg4 Rb1 34. Rxb1 Kxe7 35. Re1+ Kf8 36. Re4 Rd4 37. f3 Rxe4 38. dxe4 Nf7 39.
Kf2 Ne5 40. Bd5 g5 41. Ke3 Ng6 42. Bb3 Ke7 43. Kd2 Kd6 44. Kc3 Ne5 45. Bd1 Kc6
46. Be2 Kb6 47. Kd2 Ka5 48. Ke3 Ng6 49. e5 Nxe5 50. f4 gxf4+ 51. Kxf4 Nxg4
1/2-1/2

[Event "2nd 4NCL Spring Bank Holiday Congress"]
[Site "Basingstoke"]
[Date "2019.05.24"]
[Round "1.14"]
[White "Jones, Steven A"]
[Black "Jukes, Sam"]
[Result "1/2-1/2"]
[WhiteElo "2128"]
[BlackElo "1860"]
[PlyCount "91"]
[EventDate "2019.05.24"]

1. e4 e5 2. Nf3 Nc6 3. Bc4 Nf6 4. d4 exd4 5. e5 d5 6. Bb5 Ne4 7. Nxd4 Bd7 8.
Bxc6 bxc6 9. O-O Bc5 10. f3 Ng5 11. f4 Ne4 12. Be3 O-O 13. Nd2 Nxd2 14. Qxd2
Qe7 15. Nb3 Bxe3+ 16. Qxe3 g6 17. Rae1 Rfb8 18. c3 a5 19. Rf2 a4 20. Nc5 Be6
21. h3 Rb5 22. Nd3 c5 23. g4 c4 24. f5 cxd3 25. fxe6 fxe6 26. Qxd3 Qc5 27. Kg2
Rab8 28. Ree2 R5b6 29. a3 Qb5 30. Qf3 Qe8 31. Qe3 Qc6 32. Kg3 Qd7 33. Qd4 Qb5
34. Qf4 c5 35. Qf7+ Kh8 36. Qe7 Qe8 37. Qxc5 Kg8 38. Kh2 Rc6 39. Qa7 Rcb6 40.
Qc7 Rb5 41. Qa7 R5b6 42. Rc2 R8b7 43. Qa5 Qb8 44. Qxa4 Rxb2 45. Rce2 Rxe2 46.
Rxe2 1/2-1/2

[Event "2nd 4NCL Spring Bank Holiday Congress"]
[Site "Basingstoke"]
[Date "2019.05.24"]
[Round "1.15"]
[White "Chilton, James I"]
[Black "Brown, Tom"]
[Result "0-1"]
[WhiteElo "1728"]
[BlackElo "2086"]
[PlyCount "84"]
[EventDate "2019.05.24"]

1. d4 g6 2. e4 Bg7 3. Nf3 d6 4. Bc4 Nc6 5. O-O Nf6 6. Re1 O-O 7. Bg5 Nxe4 8.
Rxe4 d5 9. Bxd5 Qxd5 10. Nc3 Qa5 11. Bxe7 Nxe7 12. Rxe7 Be6 13. Qe2 Bf6 14.
Rxe6 fxe6 15. Qxe6+ Kh8 16. Re1 Qf5 17. Nd5 Qxe6 18. Rxe6 Kg7 19. Ne5 Rad8 20.
Nxf6 Rxd4 21. Nh5+ gxh5 22. Nd3 Rf6 23. Re7+ Rf7 24. Re5 h4 25. h3 b6 26. Rg5+
Kf6 27. Rg4 Rxg4 28. hxg4 Kg5 29. Kh2 Re7 30. Kh3 Re2 31. f4+ Kf6 32. Kxh4 Rxc2
33. g5+ Kf5 34. Kg3 Rd2 35. Ne5 Rxb2 36. Kf3 Rxa2 37. g4+ Ke6 38. Nc4 b5 39.
f5+ Kd5 40. f6 Ke6 41. Ne3 Ra3 42. Kf4 Rxe3 0-1

[Event "2nd 4NCL Spring Bank Holiday Congress"]
[Site "Basingstoke"]
[Date "2019.05.24"]
[Round "1.16"]
[White "Goater, Kevin P"]
[Black "Ross, Stuart"]
[Result "1-0"]
[WhiteElo "2084"]
[BlackElo "1599"]
[PlyCount "83"]
[EventDate "2019.05.24"]

1. d4 Nf6 2. Nc3 d5 3. Bf4 e6 4. e3 c6 5. Bd3 Bd6 6. Bg3 O-O 7. Nf3 b6 8. Ne5
Qc7 9. Qe2 a5 10. f4 Nbd7 11. O-O Re8 12. Bh4 b5 13. a3 Be7 14. g4 Ne4 15. Bxe7
Nxc3 16. bxc3 Rxe7 17. Qf2 Nf6 18. Qh4 Ne4 19. Nxc6 Re8 20. Ne5 Qxc3 21. a4
bxa4 22. Rxa4 Ba6 23. Qe1 Qxe1 24. Rxe1 Bxd3 25. cxd3 Nc3 26. Ra3 Nb5 27. Rb3
Nd6 28. Ra1 f6 29. Nd7 Ra7 30. Nc5 e5 31. dxe5 fxe5 32. Rb6 Nc8 33. Rb5 exf4
34. exf4 Rae7 35. Rbxa5 Re2 36. R5a2 Rxa2 37. Rxa2 Re1+ 38. Kf2 Rc1 39. Nd7 Kf7
40. Ne5+ Ke6 41. Nf3 Rc6 42. Nd4+ 1-0

[Event "2nd 4NCL Spring Bank Holiday Congress"]
[Site "Basingstoke"]
[Date "2019.05.24"]
[Round "1.17"]
[White "Vaidya, Raghav"]
[Black "Okhai, Shabir"]
[Result "0-1"]
[WhiteElo "1472"]
[BlackElo "2082"]
[PlyCount "120"]
[EventDate "2019.05.24"]

1. c4 Nf6 2. Nc3 c5 3. g3 e6 4. e4 d6 5. Bg2 a6 6. Nf3 Qc7 7. O-O b6 8. d3 Bb7
9. Re1 Nbd7 10. b3 Be7 11. Bb2 O-O 12. d4 cxd4 13. Nxd4 Rfe8 14. Qc2 Rac8 15.
Rac1 Qb8 16. Ba3 Bf8 17. Rcd1 Red8 18. Qd2 Nc5 19. Qe2 Qa8 20. Bxc5 dxc5 21.
Nc2 Bd6 22. f4 Bc7 23. e5 Bxg2 24. Qxg2 Qxg2+ 25. Kxg2 Nd7 26. Re2 Nb8 27. Red2
Kf8 28. Rxd8+ Rxd8 29. Rxd8+ Bxd8 30. Ne4 Nc6 31. Kf3 Be7 32. Ke3 Ke8 33. Nc3
Kd7 34. Ne4 f6 35. exf6 gxf6 36. Nd2 f5 37. Nf3 Bf6 38. Kd3 h6 39. h3 Kd6 40.
g4 Bb2 41. gxf5 exf5 42. Kd2 Bf6 43. Ne3 Ne7 44. Kd3 Ke6 45. h4 Ng6 46. Ng2 Bd8
47. h5 Ne7 48. Ne5 Bc7 49. Nf3 Ng8 50. Nd2 Nf6 51. Ke3 Nxh5 52. Kf3 Nf6 53. Ne3
b5 54. cxb5 axb5 55. a3 Nd5 56. Nxd5 Kxd5 57. Ke3 c4 58. bxc4+ bxc4 59. Nb1
Bb6+ 60. Kd2 Kd4 0-1